Thomas Gordon Brown v Carlisle City Council and Stobart Air Limited (Record no. 81947)

MARC details
000 -LEADER
fixed length control field 01943cad a22002295a 4500
001 - CONTROL NUMBER
control field L148756
008 - FIXED-LENGTH DATA ELEMENTS--GENERAL INFORMATION
fixed length control field 091104e20091020xxk f v 000 0 eng d
035 ## - SYSTEM CONTROL NUMBER
System control number (Sirsi) u148756
041 0# - LANGUAGE CODE
Language code of text/sound track or separate title eng
245 00 - TITLE STATEMENT
Title Thomas Gordon Brown v Carlisle City Council and Stobart Air Limited
Medium [electronic resource]
260 ## - PUBLICATION, DISTRIBUTION, ETC.
Date of publication, distribution, etc. 2009
520 ## - SUMMARY, ETC.
Summary, etc. [2009] EWHC 2519 Admin, 16 October 2009. The case relates to works not included in an application for planning permission. Stobart Air Limited (S) applied to Carlisle City Council (C) for planning permission for works but omitted an application for airside works. C considered that no referral to the Secretary of State was necessary as the application fell within article 2(2) of the Town and Country Planning (Development Plans and Consultations) (Departures) Direction 1999. Planning permission was granted for the application development. Thomas Gordon Brown (B) sought permission to apply for judicial review of the planning permission. "Held:" application refused. If a section 106 agreement is entered before a planning permission is granted and results in securing the fact that the application accorded with the development plan, there is no need to refer to the Secretary of State. C did not have to justify its reasons for not referring the application to the Secretary of State.
590 ## - LOCAL NOTE (RLIN)
Local note KA
650 24 - SUBJECT ADDED ENTRY--TOPICAL TERM
Topical term or geographic name entry element THOMAS GORDON BROWN V CARLISLE CITY COUNCIL AND STOBART AIR LIMITED
650 24 - SUBJECT ADDED ENTRY--TOPICAL TERM
Topical term or geographic name entry element R V SOS TRANSPORT AND ANOTHER EX P CUMMINS
650 24 - SUBJECT ADDED ENTRY--TOPICAL TERM
Topical term or geographic name entry element TOWN AND COUNTRY PLANNING (DEVELOPMENT PLANS AND CONSULTATIONS) (DEPARTURES) DIRECTION 1999
650 24 - SUBJECT ADDED ENTRY--TOPICAL TERM
Topical term or geographic name entry element TOWN AND COUNTRY PLANNING ACT 1990 S106
651 #4 - SUBJECT ADDED ENTRY--GEOGRAPHIC NAME
Geographic name England and Wales
Chronological subdivision 1543-
690 ## - LOCAL SUBJECT ADDED ENTRY--TOPICAL TERM (OCLC, RLIN)
Topical term or geographic name as entry element ENVIRONMENTAL AND LAND CONSULTANCY-PLANNING AND DEVELOPMENT-DEVELOPMENT CONTROL-PLANNING APPLICATIONS
856 40 - ELECTRONIC LOCATION AND ACCESS
Uniform Resource Identifier <a href="https://www.bailii.org/ew/cases/EWHC/Admin/2009/2519.html">https://www.bailii.org/ew/cases/EWHC/Admin/2009/2519.html</a>
Public note View the case free of charge at www.bailli.org...
942 ## - ADDED ENTRY ELEMENTS (KOHA)
Suppress in OPAC 0
Holdings
Withdrawn status Lost status Source of classification or shelving scheme Damaged status Not for loan Home library Current library Shelving location Date acquired Total Checkouts Full call number Barcode Date last seen Copy number Price effective from Koha item type
    Dewey Decimal Classification     Virtual Virtual Online 04/11/2009   ONLINE PUBLICATION 148756-2001 06/08/2019 1 06/08/2019 Law report